Responses for Show #3969 - Thursday, November 29, 2001

(Sarah: I'm Sarah of the Clue Crew. Today on Jeopardy!, everything's fair game. Stay tuned.)

Contestants

[<< previous game]

Adam Lipsius, a video professor and filmmaker from New York, New York

Frank Stasio, a data analyst from Los Angeles, California

Susan Rathke, a residential caregiver from Madison, Wisconsin (whose 1-day cash winnings total $23,400)

[next game >>]

Jeopardy! Round responses

THE CIRCULATORY SYSTEM
(Alex: Ours, of course.)
MOVIE SONGS
U.S. REGIONS
I'M JUST A BILL
A, E, I, O, U
& SOMETIMES Y
(Alex "Y" will be a vowel sound in each correct response.)
    $200 12
lungs

Susan
    $200 1
Irene Cara

Adam
    $200 10
deep

Frank
    $200 20
Bill Gates

Adam
    $200 14
O

Frank
    $200 2
the Crypt

Adam
    $400 18
mercury

Frank
    $400 4
Blue Velvet

Frank
    $400 11
New England

Adam
    $400 21
Bill Clinton

Adam
    $400 3
dysfunctional

Susan
    $600 19
ventricle

Adam
    $600 5
Beaches

Adam
    $600 15
border states

Frank
    $600 22
Bill Pullman

Susan
    $600 29
(Frank: What is W?)
...
[The end-of-round signal sounds.]

E

FrankAdam
    $600 6
pry

Adam
    $800 26
iron

Frank
    $800 9
Ann-Margret

Triple Stumper
    $1,200 16
(Frank: What is plutonium?)

Pacific Northwest

Frank
    $800 23
Bill Moyers

Adam
    $800 28
U

Adam
    $800 7
(Adam: What is "Taxi Driver?")

Carny

FrankAdam
    $1000 27
platelets

Frank
    $1000 13
Harry Connick, Jr.

Susan
    $1000 17
Desert

Frank
    $1000 24
(Alex: We have less than a minute to go, Adam.)

hornbill

Triple Stumper
    $1000 25
I

Frank
    $1000 8
dynamic

Frank

Scores at the first commercial break (after clue 14):

Susan Frank Adam
$1,600 $2,600 $1,200

Scores at the end of the Jeopardy! Round:

Susan Frank Adam
$2,200 $5,600 $4,600

Double Jeopardy! Round responses

CANADIAN HISTORY
SIGNS OF THE TIMES
CELEBRITY POLITICIANS
THE 20th CENTURY PLAY'S THE THING
WB CARTOON STARS
(Alex: We want you to name the main character of each cartoon.)
5-LETTER WORDS
    $400 7
the maple leaf flag

Frank
    $400 18
no U-turn

Frank
    $400 3
(Susan: Who is Oscar Wilde?)

George Bernard Shaw

Susan
Triple Stumper
    $400 1
Bugs Bunny

Susan
    $400 13
ruler

Susan
    $800 8
Japanese-Canadians

Adam
    $800 20
slippery when wet

Adam
    $800 4
(Frank: [no response])

Quills

FrankAdam
    $800 2
Pepe Le Pew

Adam
    $800 14
henna

Adam
    $1200 19
the Reform Party

Susan
    $1200 21
railroad crossing

Frank
    $1200 5
Take It with You

Susan
    $1200 6
the Road Runner

Frank
    $1200 15
a moray

Susan
    $5,000 22
Alberta

Frank
    $1600 25
(Frank: What is a crosswalk sign?)

pedestrian crossing

Frank
    $1600 9
Noises Off

Susan
    $1600 10
(Adam: Who is Tweety?)

Foghorn Leghorn

SusanAdam
    $1600 16
(Frank: What is love?)
(Adam: What is the Earth?)

the world

SusanFrankAdam
    $2000 23
(Adam: Who is Trudeau?)
....
(Alex: We have less than a minute to go, Adam.)

William Lyon Mackenzie King

Adam
Triple Stumper
    $2000 26
(Frank: What is an [**]?)
(Alex: We'll accept that, but you would have made our writers a lot happier by using [*], a reference to Harold Hill from The Music Man, who was courting Marian the Librarian.)
[The end-of-round signal sounds.]

hill ahead (incline accepted)

Frank
    $2000 24
Fred Grandy

Susan
    $2000 12
Sleuth

Susan
    $2000 11
Speedy Gonzales

Susan
    $2000 17
(Adam: What is Pepsi?)

Moxie

Adam
Triple Stumper

Scores at the end of the Double Jeopardy! Round:

Susan Frank Adam
$17,000 $15,000 $1,400

[wagering suggestions for these scores]

Final Jeopardy! Round responses

ARTISTS
(Alex: What is that at the bottom?)
(Frank: That's a shout-out to my best friend!)
AdamWho is Georgia O'Keefe
$900
FrankWho was Georgia O'Keefe? Hey Ryk!
$15,000
SusanWho is Monet
$4,000
Georgia O'Keeffe

Final scores:

Susan Frank Adam
$13,000 $30,000 $2,300
2nd place: Trip to Royal Antiguan Beach & Tennis Resort New champion: $30,000 3rd place: HSN.com Shopping Spree

Game dynamics:

Coryat scores:

Susan Frank Adam
$17,000 $12,800 $1,400
15 R,
1 W
18 R
(including 1 DD),
4 W
(including 1 DD)
16 R,
5 W

Combined Coryat: $31,200

[game clues] [game scores] [suggest correction]

Game tape date: 2001-08-29
The J! Archive is created by fans, for fans. Scraping, republication, monetization, and malicious use prohibited; this site may use cookies and collect identifying information. See terms. The Jeopardy! game show and all elements thereof, including but not limited to copyright and trademark thereto, are the property of Jeopardy Productions, Inc. and are protected under law. This website is not affiliated with, sponsored by, or operated by Jeopardy Productions, Inc. Join the discussion at JBoard.tv.